Statystyki dla 20 najludniejszych miast na świecie

Kliknij tutaj aby rozwiązać quiz!

Ogólne statystyki

  • Ten quiz został rozwiązany 30 razy
  • Średni wynik to 11 z 20

Statystyki odpowiedzi

MiejsceOdpowiedźPaństwoLudność% Poprawnych
1TokioJaponia37 274 000
100%
8PekinChiny21 333 332
96%
7KairEgipt21 750 020
88%
6MeksykMeksyk22 085 140
88%
13StambułTurcja15 636 243
85%
2DelhiIndie32 065 760
77%
3SzanghajChiny28 516 904
77%
5Sao PauloBrazylia22 429 800
69%
16Buenos AiresArgentyna15 369 919
65%
18ManilaFilipiny14 406 059
62%
10OsakaJaponia19 059 856
62%
15LagosNigeria15 387 639
46%
4DhakaBangladesz22 478 116
42%
14KinszasaDR Kongo15 628 085
38%
20KantonChiny13 964 637
31%
9MumbaiIndie20 961 472
27%
12KaracziPakistan16 839 950
19%
17KolkataIndie15 133 888
15%
11ChongqingChiny16 874 740
8%
19TiencinChiny14 011 828
0%

Rozkład punktacji

Percentyl według liczby udzielonych odpowiedzi

Procent ludzi z każdym wynikiem

Twoja historia wyników

Nie rozwiązałeś tego quizu